LEADER 00876nam0-22002891i-450- 001 990006885900403321 005 20001010 035 $a000688590 035 $aFED01000688590 035 $a(Aleph)000688590FED01 035 $a000688590 100 $a20001010d--------km-y0itay50------ba 101 0 $aita 105 $ay-------001yy 200 1 $aPietà religiosa e testamenti nel Mezzogiorno$eformule pie e committenza nei testamenti salentini$esecoli XVII-XIX$fFrancesco Gaudioso. 210 $aNapoli$cGuida$d1983. 215 $a112 p.$d22 cm 225 1 $aEsperienze$v114 700 1$aGaudioso,$bFrancesco$0140383 801 0$aIT$bUNINA$gRICA$2UNIMARC 901 $aBK 912 $a990006885900403321 952 $aCOLLEZ. 466 (114)$b1451$fFSPBC 959 $aFSPBC 996 $aPietà religiosa e testamenti nel Mezzogiorno$9136216 997 $aUNINA DB $aGEN01 LEADER 01202nam2-2200361---450- 001 990003233550203316 005 20090504135526.0 010 $a978-1-4073-0245-4 035 $a000323355 035 $aUSA01000323355 035 $a(ALEPH)000323355USA01 035 $a000323355 100 $a20090504d2009----km-y0itay50------ba 101 0 $aita 102 $aGB 105 $a||||||||001yy 200 1 $aPietralunga 1744$earcheologia di una battaglia e delle sue fortificazioni sulle Alpi fra Piemonte e Delfinato, Italia nord-occidentale$fRoberto Sconfienza 210 $aOxford$cArcheopress$d2009 215 $aX, 146 p.$cill.$d30 cm 225 2 $aBAR International series$v1896 225 2 $aNotebooks on military archaeology and architecture$v4 410 0$1001000018484$aBAR International series 606 0 $aBattaglia di Pietralunga <1744>$yItalia$2BNCF 676 $a972.018 700 1$aSCONFIENZA,$bRoberto$0572731 801 0$aIT$bsalbc$gISBD 912 $a990003233550203316 951 $aXI.5. Coll.12/540$b216118 LM$cXI.5.$d00190614 959 $aBK 969 $aUMA 979 $aSENATORE$b90$c20090504$lUSA01$h1355 996 $aPietralunga 1744$91013642 997 $aUNISA